书目信息 |
| 题名: |
中国历代散文选 上
|
|
| 作者: | 刘盼遂 , 郭预衡 主编 | |
| 分册: | ||
| 出版信息: | 北京 北京出版社 1980.01 |
|
| 页数: | 692页 | |
| 开本: | 32开 | |
| 丛书名: | ||
| 单 册: | ||
| 中图分类: | I262 | |
| 科图分类: | ||
| 主题词: | 散文--中国 , 散文--作品综合集--中国 | |
| 电子资源: | ||
| ISBN: | 7-200-00142-2 | |
| 000 | 00644nam0 2200217 45 | |
| 001 | 0008111614 | |
| 005 | 20000811165711.5 | |
| 010 | @a7-200-00142-2@d17.50元 | |
| 100 | @a20000811d1980 km y0chiy0120 ea | |
| 101 | 0 | @achi |
| 105 | @a z 000yy | |
| 200 | 1 | @a中国历代散文选 上@AZhong Guo Li Dai San Wen Xuan Shang@f刘盼遂,郭预衡主编@FLiu Pan Sui,Guo Yu Heng Zhu Bian |
| 210 | @a北京@c北京出版社@d1980.01 | |
| 215 | @a692页@d32开 | |
| 606 | 0 | @a散文@x中国 |
| 606 | 0 | @a散文@x作品综合集@x中国 |
| 690 | @aI262@v3 | |
| 701 | 0 | @a刘盼遂@4主编 |
| 701 | 0 | @a郭预衡@4主编 |
| 801 | @aCN@bPftUser@c20000811 | |
| 905 | @b104547-551@dI262@eL765:1@f5 | |
| 中国历代散文选 上/刘盼遂,郭预衡主编.-北京:北京出版社,1980.01 |
| 692页;32开 |
| ISBN 7-200-00142-2:17.50元 |
| ● |
| 相关链接 |
|
|
|
正题名:中国历代散文选上
索取号:I262/L765:1
 
预约/预借
| 序号 | 登录号 | 条形码 | 馆藏地/架位号 | 状态 | 备注 |
| 1 | 104547 | 201045476 | 文学库116/116文学库 1排1列6层/ [索取号:I262/L765:1] | 在馆 | |
| 2 | 104548 | 201045485 | 社科二线422/422社科库 50排1列2层/ [索取号:I262/L765:1] | 在馆 | |
| 3 | 104549 | 201045494 | 社科二线422/422社科库 49排4列3层/ [索取号:I262/L765:1] | 在馆 | |
| 4 | 104550 | 201045500 | 社科二线400B/400B社科库 1排4列5层/ [索取号:I262/L765:1] | 在馆 | |
| 5 | 104551 | 201045519 | 社科二线422/422社科库 50排2列3层/ [索取号:I262/L765:1] | 在馆 |